A-Letter Subdivisions of North America - Statistics

General Stats
  • This quiz has been taken 40 times
  • The average score is 10 of 18
Answer Stats
Country Subdivision Type Answer % Correct
United States State Alabama
87%
United States State Alaska
87%
Canada Province Alberta
87%
United States State Arkansas
87%
United States State Arizona
80%
Netherlands Country Aruba
73%
Mexico State Aguascalientes
70%
United Kingdom Territory Anguilla
57%
El Salvador Department Ahuachapán
53%
Bahamas District Acklins
50%
Guatemala Department Alta Verapaz
37%
Cuba Province Artemisa
37%
Costa Rica Province Alajuela
33%
Trinidad and Tobago Municipality Arima
33%
Haiti Department Artibonite
33%
Honduras Department Atlántida
33%
Dominican Republic Province Azua
33%
Saint Lucia District Anse la Raye
30%
No matching quizzes found
Score Distribution
Percent of People with Each Score
Percentile by Number Answered
Your Score History
You have not taken this quiz